Tradeoffs : Imperatives of choice in a high- tech world

Gardado en:
Detalles Bibliográficos
Autor Principal: Wenk, Edward
Formato: Libro
Idioma:Undetermined
Publicado: London The John Hopkins university press 1986
Những chủ đề:
Các nhãn: Engadir etiqueta
Sen Etiquetas, Sexa o primeiro en etiquetar este rexistro!
Thư viện lưu trữ: Trung tâm Học liệu Trường Đại học Cần Thơ
LEADER 00537nam a2200193Ia 4500
001 CTU_79819
008 210402s9999 xx 000 0 und d
082 |a 303.4 
082 |b W467 
100 |a Wenk, Edward 
245 0 |a Tradeoffs : 
245 0 |b Imperatives of choice in a high- tech world 
245 0 |c Edward Wenk 
260 |a London 
260 |b The John Hopkins university press 
260 |c 1986 
650 |a Social aspect,Technology 
904 |i Trọng Hải 
980 |a Trung tâm Học liệu Trường Đại học Cần Thơ